Online katalóg knižníc regiónu Turca

Pozvanie do okrasnej záhrady (Record no. 22963)

MARC details
000 -LEADER
fixed length control field 01410cam a2200433 a 4500
001 - CONTROL NUMBER
control field 22963
003 - CONTROL NUMBER IDENTIFIER
control field SK-KTurca
005 - DATE AND TIME OF LATEST TRANSACTION
control field 20260513081744.0
008 - FIXED-LENGTH DATA ELEMENTS--GENERAL INFORMATION
fixed length control field 260107s1996 xo oal frn 00100 slo
015 ## - NATIONAL BIBLIOGRAPHY NUMBER
National bibliography number SNBA1996/05
020 ## - INTERNATIONAL STANDARD BOOK NUMBER
International Standard Book Number 8085261901
Qualifying information (viaz.)
035 ## - SYSTEM CONTROL NUMBER
System control number SNK000161745
040 ## - CATALOGING SOURCE
Original cataloging agency SNK
Language of cataloging slo
Transcribing agency SNK
Description conventions AACR2
041 0# - LANGUAGE CODE
Language code of text/sound track or separate title slo
044 ## - COUNTRY OF PUBLISHING/PRODUCING ENTITY CODE
MARC country code xo
ISO country code SK
072 #7 - SUBJECT CATEGORY CODE
Subject category code 635
Subject category code subdivision Záhradkárstvo
Source konspekt
080 ## - UNIVERSAL DECIMAL CLASSIFICATION NUMBER
Universal Decimal Classification number 635.92.047
Edition identifier 2011
080 ## - UNIVERSAL DECIMAL CLASSIFICATION NUMBER
Universal Decimal Classification number 712.3/.7
Edition identifier 2011
080 ## - UNIVERSAL DECIMAL CLASSIFICATION NUMBER
Universal Decimal Classification number 635.047
Edition identifier 2001
080 ## - UNIVERSAL DECIMAL CLASSIFICATION NUMBER
Universal Decimal Classification number 631.543
Edition identifier 2011
080 ## - UNIVERSAL DECIMAL CLASSIFICATION NUMBER
Universal Decimal Classification number (084.11)
Edition identifier 2011
100 1# - MAIN ENTRY--PERSONAL NAME
Personal name Krippelová, Terézia,
Dates associated with a name 1922-2002
Relationship aut
-- pht
245 10 - TITLE STATEMENT
Title Pozvanie do okrasnej záhrady
Statement of responsibility, etc. [text a foto Terézia Krippelová ; kresby Katarína Cigánová]
250 ## - EDITION STATEMENT
Edition statement 1. vyd.
260 ## - PUBLICATION, DISTRIBUTION, ETC.
Place of publication, distribution, etc. Bratislava
Name of publisher, distributor, etc. Perfekt
Date of publication, distribution, etc. 1996
300 ## - PHYSICAL DESCRIPTION
Extent 199 strán
Other physical details farebné fotografie, farebné ilustrácie, tabuľky
Dimensions 31 cm
500 ## - GENERAL NOTE
General note Slovník odborných výrazov na strane 193-195
504 ## - BIBLIOGRAPHY, ETC. NOTE
Bibliography, etc. note Register na strane 196-[200]
650 07 - SUBJECT ADDED ENTRY--TOPICAL TERM
Topical term or geographic name entry element okrasné záhrady
Source of heading or term SNKPH
650 07 - SUBJECT ADDED ENTRY--TOPICAL TERM
Topical term or geographic name entry element záhradná architektúra
Source of heading or term SNKPH
650 07 - SUBJECT ADDED ENTRY--TOPICAL TERM
Topical term or geographic name entry element základanie záhrad
Source of heading or term SNKPH
650 07 - SUBJECT ADDED ENTRY--TOPICAL TERM
Topical term or geographic name entry element výsadba
Source of heading or term SNKPH
655 #7 - INDEX TERM--GENRE/FORM
Genre/form data or focus term fotografické publikácie
Source of term SNKPH
655 #7 - INDEX TERM--GENRE/FORM
Genre/form data or focus term monografie
Source of term SNKPH
700 1# - ADDED ENTRY--PERSONAL NAME
Personal name Cigánová, Katarína,
Dates associated with a name 1922-2006
Relationship ill
942 ## - ADDED ENTRY ELEMENTS (KOHA)
Source of classification or shelving scheme Dewey Decimal Classification
Koha item type Odborná literatúra pre dospelých
Suppress in OPAC No
Holdings
Stav vyradenia Strata Poškodenie Spôsob nadobudnutia Domovská knižnica Aktuálna knižnica Dátum nadobudnutia Total checkouts Čiarový kód exemplára Date last seen Typ exemplára
      Dar Obecná knižnica Turčianska Štiavnička Obecná knižnica Turčianska Štiavnička 13.05.2026   4738001257 13.05.2026 Odborná literatúra pre dospelých
Projekt je podporený Slovenskou asociáciou knižníc
Prevádzkuje Turčianska knižnica Martin 2026